| 000 | 01143nam0a2200313 i 4500 | ||
|---|---|---|---|
| 001 | RU\NLR\BIBL_A\010190200 | ||
| 005 | 20260406061705.0 | ||
| 010 | _a9785413011737 | ||
| 021 |
_aRU _b13-100695 |
||
| 035 | _a(NILC)RuMoRGB-006712554 | ||
| 035 | _a(NLR Aleph) 010190200 | ||
| 090 |
_a10193518 _c10193518 |
||
| 100 | _a20140212d2013 u y0rusy50 ca | ||
| 101 | 0 | _arus | |
| 102 | _aRU | ||
| 105 | _ay|||z||||00yy | ||
| 200 | 1 |
_aАлхимия изобилия _eнаука быть богатым и счастливым _eпрактическое руководство _fСан Лайт |
|
| 205 | _a2-е изд. | ||
| 210 |
_aМосква _cАмрита-Русь _d2013 |
||
| 215 |
_a146, [2] с. _d17 |
||
| 225 | 1 | _aИскусство жизни | |
| 606 |
_aУспех _jПопулярные издания _xСоциально-психологические исследования _92074287 _3RU\NLR\AUTH\661249276 |
||
| 686 | 1 | _aС550.354я9 | |
| 700 | 0 |
_8rus _7ca _aСан Лайт _3RU\NLR\AUTH\7711901 _9121636 |
|
| 801 | 0 |
_aRU _bРГБ _c20110816 _gRCR |
|
| 942 | _cBOOK | ||
| 980 | _aNBR | ||